Biblioteca

The Father's spirit of sonship (Registro nro. 45756)

Detalles MARC
000 -LÍDER
Campo fijo de descripción fija 01087aam a2200313 4500
001 - NÚMERO DE CONTROL
Campo de control 19391
003 - IDENTIFICADOR DEL NÚMERO DE CONTROL
Campo de control CO-MdFUSB
005 - FECHA Y HORA DE LA ULTIMA TRANSACCIÓN
control field 20190202100350.0
008 - ELEMENTOS DE LONGITUD FIJA -- INFORMACIÓN GENERAL
Campo fijo de descripción fija -- Información general 170227t1995 stk||||f |||| 00| 0 eng d
020 ## - NÚMERO INTERNACIONAL NORMALIZADO PARA LIBROS
Número Internacional Normalizado del libro 0-567-09721-8
040 ## - FUENTE DE CATALOGACIÓN
Agencia de catalogación original CO-MdFUSB
Idioma de catalogación spa
Agencia que realiza la transcripción CO-MdFUSB
Agencia que realiza la modificación CO-MdFUSB
Convenciones de la descripción rda
041 ## - CÓDIGO DE IDIOMA
Código de idioma para texto/pista de sonido o título separado eng
082 ## - NÚMERO DE CLASIFICACIÓN DECIMAL DEWEY
Número de la edición del Dewey 24
Número de clasificación G 231
Clave de autor-Numero de item W423f
100 1# - ASIENTO PRINCIPAL--NOMBRE PERSONAL
Nombre personal Weinandy, Thomas G.
Término relacionador autor
245 14 - TÍTULO
Título del Material The Father's spirit of sonship
Parte restante del título - Subtitulo : Reconceiving the trinity
Mención de responsabilidad, etc. / Thomas G. Weinandy
264 #1 - PRODUCCIÓN, PUBLICACIÓN, DISTRIBUCIÓN, MANUFACTURA, Y COPYRIGHT
Lugar de producción, publicación, distribución, manufactura Edinburgh, Scotland :
Nombre del productor, publicador, distribuidor T & T Clark,
Fecha de producción, publicación, distribución, manufactura, o copyright ℗1995
300 ## - DESCRIPCIÓN FÍSICA
Extensión 148 páginas
Dimensiones ; 23 cm.
Otros detalles físicos :
336 ## - TIPO DE CONTENIDO
Fuente rdacontent
Término de tipo de contenido
Código de tipo de contenido
337 ## - TIPO DE MEDIO
Fuente rdamedia
Nombre del tipo de medio
Código del tipo de medio
338 ## - TIPO DE SOPORTE
Fuente rdacarrier
Nombre del tipo de soporte
Código Tipo de soporte
501 ## - NOTA DE “CON”
Nota de Contenido Incluye índice (página: 145-148)
504 ## - NOTA DE BIBLIOGRAFÍA, ETC.
Nota de bibliografía, etc Bibliografía (p. 137- 144)
505 00 - NOTA DE CONTENIDO
Nota de contenido con formato preestablecido La tesis: Engendrado en el Espíritu - El Nuevo Testamento y la trinidad - Una nueva ontología trinitaria - El significado ecuménico de la tesis - Vivir la vida de la trinidad
540 ## - NOTA DE CONDICIONES DE USO Y REPRODUCCION
Términos que regulan el uso y reproducción Pasta dura
650 #7 - ASIENTO SECUNDARIO DE MATERIA - TERMINO TEMÁTICO
9 (RLIN) 177
Término temático o nombre geográfico como elemento de entrada Trinidad
650 #7 - ASIENTO SECUNDARIO DE MATERIA - TERMINO TEMÁTICO
Término temático o nombre geográfico como elemento de entrada Dios
Fuente del encabezamiento o término
9 (RLIN) 178
942 ## - TIPO DE MATERIAL (KOHA)
Tipo de Item KOHA Libros General
Existencias
Estado de Material Estado de Perdido Forma de Clasificación Estado de Dañado No para Préstamo Colección Tomo Biblioteca de Origen Biblioteca Permanente Fecha de Adquisición Total de Préstamos Signatura Topográfica Código de Barras Última vez visto Ejemplar/Existencia Fecha de Remplazo Tipo de Material
    Dewey Decimal Classification     Colección General   Biblioteca FUSBC Biblioteca FUSBC 08/04/2015   G 231 W423f 19444 05/03/2020 Ej. 1 26/01/2016 Libros General

Biblioteca FUSBC | Teléfono: (57+4) 349 88 10 Ext. 141| WhatsApp (+57) 3005338115 
E-mail: biblioteca@unisbc.edu.co | Calle 76 87-14 Robledo Palenque, Medellín, Colombia

Con tecnología Koha